Tình yêu trong thơ Henrich - Hainơ

Henrich Hainơ và tình yêu

Na minha lista:
Detalhes bibliográficos
Autor principal: Lâm, Hưng Thơ
Outros Autores: Đặng Thị Lan ThS. (Hướng dẫn)
Formato: Livro
Idioma:Vietnamese
Publicado em: Đại học Đà Nẵng Trường Đại học Sư Phạm 2011
coleção:Khóa luận tốt nghiệp Đại học. Chuyên ngành: Cử nhân văn học
Assuntos:
Tags: Adicionar Tag
Sem tags, seja o primeiro a adicionar uma tag!
Thư viện lưu trữ: Mạng thư viện Đại học Đà Nẵng
LEADER 01305nam a2200361 4500
001 000011140
003 7371
005 20120202090235.0
008 120202s2011 viesd
041 |a vie 
072 |a Khóa luận tốt nghiệp 
082 |a 831  |b LÂ-T 
100 |a Lâm, Hưng Thơ 
245 |a Tình yêu trong thơ Henrich - Hainơ  |c Lâm, Hưng Thơ 
260 |a Đại học Đà Nẵng  |b Trường Đại học Sư Phạm  |c 2011 
300 |a 57 tr.  |c 29 cm 
490 |a Khóa luận tốt nghiệp Đại học. Chuyên ngành: Cử nhân văn học 
500 |a Tham khảo trang 56 
520 |a Henrich Hainơ và tình yêu 
653 |a Henrich Hainơ 
653 |a Khóa luận tốt nghiệp Đại học 
653 |a Khoa Ngữ văn 
700 |a Đặng Thị Lan  |c ThS.  |e Hướng dẫn 
OWN |a LSP 
AVA |a UDN50  |b LSP  |d 831 LÂ-T  |e available  |t Error 5001 Not defined in file expand_doc_bib_avail.  |f 1  |g 0  |h N  |i 0  |k 1 
999 |a From the UDN01 
AVA |a UDN50  |b LSP  |d 831 LÂ-T  |e available  |t Error 5001 Not defined in file expand_doc_bib_avail.  |f 1  |g 0  |h N  |i 0  |k 1 
TYP |a Monograph 
TYP |a Printed language 
980 |a Mạng thư viện Đại học Đà Nẵng